000 00520nam a2200181Ia 4500
005 20250326143136.0
008 250326s9999 xx 000 0 und d
037 _aTextbook
040 _aFMSL
_beng
_cFMSL
041 _aeng
_2eng
084 _aX:99G M5
_qFMSL
100 _aC Mosley D
_9747197
245 0 _aSupervision management:art of working with and through people
_cC Mosley D
260 _aUSA
_bUSA, South-Western
_c1985
300 _a517p
942 _cTB
_hX:99G M5
999 _c1298292
_d1298292